| 000 | 00354nam a2200145Ia 4500 | ||
|---|---|---|---|
| 005 | 20251222151257.0 | ||
| 008 | 251222s9999||||xx |||||||||||||| ||spa|| | ||
| 020 | _a9786073241137 | ||
| 082 | _a350/W19 | ||
| 100 | _aWaller, Matthew A. | ||
| 245 | 0 | _aAdministración de Inventarios | |
| 250 | _a1ra. ed. | ||
| 264 | _bPearson Educación | ||
| 942 | _cLIB | ||
| 999 |
_c22863 _d22863 |
||